书目信息 |
| 题名: |
金属矿山环境友好型胶结尾砂充填试验与实践
|
|
| 作者: | 何文 , 赵奎 , 周建华 , 侯浩波 著 | |
| 分册: | ||
| 出版信息: | 北京 冶金工业出版社 2019.11 |
|
| 页数: | 156页 | |
| 开本: | 24cm | |
| 丛书名: | 江西理工大学清江学术文库 | |
| 单 册: | ||
| 中图分类: | TD853.34 | |
| 科图分类: | ||
| 主题词: | 金属矿--jin shu kuang--胶结充填法--实验--研究 | |
| 电子资源: | ||
| ISBN: | 978-7-5024-8227-5 | |
| 000 | 01336nam 2200301 450 | |
| 001 | 2070135477 | |
| 005 | 20201105192910.12 | |
| 010 | @a978-7-5024-8227-5@dCNY55.00 | |
| 100 | @a20191113d2019 em y0chiy50 ea | |
| 101 | 0 | @achi |
| 102 | @aCN@b110000 | |
| 105 | @aak a 000yy | |
| 200 | 1 | @a金属矿山环境友好型胶结尾砂充填试验与实践@Ajin shu kuang shan huan jing you hao xing jiao jie wei sha chong tian shi yan yu shi jian@f何文 ... [等] 著 |
| 210 | @a北京@c冶金工业出版社@d2019.11 | |
| 215 | @a156页@c图@d24cm | |
| 225 | 2 | @a江西理工大学清江学术文库@Ajiang xi li gong da xue qing jiang xue shu wen ku |
| 304 | @a题名页题其余责任者: 赵奎, 周建华, 侯浩波 | |
| 320 | @a有书目 (第155-156页) | |
| 330 | @a全书共分十章, 主要分为两个部分, 第一部分为实验室实验: 固化剂与水泥胶结尾砂充填体强度对比、浆体、管道输送实验室试验。第二部分为现场实验: 固化剂胶结尾砂充填体强度试验发泡剂接顶优化充填挡墙试验水化热试验充填体顶板变形及竖筋应力试验 ; 爆破振动对固化剂胶充体顶板稳定性影响分析。 | |
| 410 | 0 | @12001 @a江西理工大学清江学术文库 |
| 606 | 0 | @a金属矿@Ajin shu kuang@x胶结充填法@x实验@x研究 |
| 690 | @aTD853.34@v5 | |
| 701 | 0 | @a何文@Ahe wen@4著 |
| 701 | 0 | @a赵奎@Azhao kui@4著 |
| 701 | 0 | @a周建华@Azhou jian hua@4著 |
| 701 | 0 | @a侯浩波@Ahou hao bo@4著 |
| 801 | 0 | @aCN@b人天书店@c20200929 |
| 905 | @aZUCC@dTD853.34@eH215 | |
| 金属矿山环境友好型胶结尾砂充填试验与实践/何文 ... [等] 著.-北京:冶金工业出版社,2019.11 |
| 156页:图;24cm.-(江西理工大学清江学术文库) |
| ISBN 978-7-5024-8227-5:CNY55.00 |
| 全书共分十章, 主要分为两个部分, 第一部分为实验室实验: 固化剂与水泥胶结尾砂充填体强度对比、浆体、管道输送实验室试验。第二部分为现场实验: 固化剂胶结尾砂充填体强度试验发泡剂接顶优化充填挡墙试验水化热试验充填体顶板变形及竖筋应力试验 ; 爆破振动对固化剂胶充体顶板稳定性影响分析。 |
| ● |
| 相关链接 |
|
|
|
正题名:金属矿山环境友好型胶结尾砂充填试验与实践
索取号:TD853.34/H215
 
预约/预借
| 序号 | 登录号 | 条形码 | 馆藏地/架位号 | 状态 | 备注 |
| 1 | 1480424 | 214804247 | 期刊室512/501自科库 22排1列1层/ [索取号:TD853.34/H215] | 在馆 | |
| 2 | 1480425 | 214804256 | 自科库501/501自科库 22排1列1层/ [索取号:TD853.34/H215] | 在馆 |